000 00867nam a22002417a 4500
999 _c65032
_d65032
005 20240530110803.0
008 190115s2018 ua a g b 000 0 ara d
017 _a7250
_bمصر. دار الكتب
020 _a9789776620421
040 _aEG-CaGPL
_cEG-CaGPL
082 0 4 _221
_a962.062
_bق/ ع م
100 0 _aعثمان الامير
245 1 0 _aمصر الجمهورية الاولى /
_cعصام فرغلى
250 _aط.1
260 _aالقاهرة :
_bدار النهضة العربية،
_c 2018 .
300 _a136 ص. ؛
_c24 سم.
504 _aيشتمل على ارجاعات ببليوجرافية
651 0 7 _2qrmak
_aمصر
_xتاريخ
_yعصر محمد نجيب
651 0 7 _aمصر
_xتاريخ
651 0 7 _aمصر
_xتاريخ
_yعصر جمال عبدالناصر
942 _2ddc
_cBK